LIBRARY & INFORMATION CENTRE, KCAET, TAVANUR

ONLINE PUBLIC ACCESS CATALOGUE (OPAC)

Cellulose spraying / (Record no. 3410)

MARC details
000 -LEADER
fixed length control field 00399cam a2200157ua 4500
041 ## - LANGUAGE CODE
Language code of text/sound track or separate title eng
082 ## - DEWEY DECIMAL CLASSIFICATION NUMBER
Classification number 629.287
Item number OUS/CE
100 ## - MAIN ENTRY--AUTHOR NAME
Personal name Ourbey, John lowell .
245 ## - TITLE STATEMENT
Title Cellulose spraying /
250 ## - EDITION STATEMENT
Edition statement 2 /
260 ## - PUBLICATION, DISTRIBUTION, ETC. (IMPRINT)
Place of publication London :
Name of publisher Sir Isaac Pitman & Sons Ltd ,
Year of publication 1960.
300 ## - PHYSICAL DESCRIPTION
Number of Pages 92 ; .
942 ## - ADDED ENTRY ELEMENTS (KOHA)
Koha item type Books
Holdings
Withdrawn status Lost status Damaged status Home library Current library Date acquired Full call number Accession Number Koha item type
      KAUAET KAUAET 07/04/2012 629.287 5926 Books
free website counter